000 00200 a2200097 4500
001 7831
100 _aWhittlesey, D
245 _aThe earth and the state
260 _a
_bHolt
_c
090 _c6280
_d6280
942 _aNUST-CAE
_cM
_c32801
999 _c242904
_d242904